00877nam a22002417a 450000500170000000800410001701000140005802000230007203500130009503700150010804000120012308200130013510000180014824501010016626000360026726000330030327000630033630000310039950000190043094200280044999900170047795201410049420080616165254.0080616t xxu||||| |||| 00| 0 eng d aENG-90322 a8178242346c695.00 aEN-73855 bDBAD / PUB aDPLbEN a809.8954 aKumar, Priya  aLimiting secularism:cby Priya Kumar bthe ethics of coexistence in Indian literature and film / aRanikhetbPermanent Blackc2008 bOrient Longman (Distributor) a'Himalayana' Mall Road, Ranikhet Cantt, bRanikhete263645 axxvii, 299p. c23 cm (pbk) aIncludes index cENh809.8954 2ddcmPRI c13715d13715 001040718NFICaDBADbDBADd2008-06-16eDBAD / VENg695.00l0o809.8954 PRIpEN-73855r2008-09-15 00:00:00t1v695.00w2008-09-15yEN